| 000 | 01025fam a2200337 a 4500 | ||
|---|---|---|---|
| 001 | 1179468 | ||
| 005 | 20150715104338.0 | ||
| 008 | 921007s1993 nyu b 001 0 eng | ||
| 010 | _a 92038514 | ||
| 020 | _a0898620201 (alk. paper) | ||
| 035 | _a(OCoLC)26853303 | ||
| 035 | _a(OCoLC)ocm26853303 | ||
| 035 | _a(NNC)1179468 | ||
| 040 |
_aDLC _cDLC _dDLC _dNNC |
||
| 050 | 0 | 0 |
_aQ175 _b.F925 1993 |
| 082 | 0 | 0 |
_a501 _220 |
| 100 | 1 |
_aFuller, Steve, _d1959- _914246 |
|
| 245 | 1 | 0 |
_aPhilosophy of science and its discontents / _cSteve Fuller. |
| 250 | _a2nd ed. | ||
| 260 |
_aNew York : _bGuilford Press, _cc1993. |
||
| 263 | _a9212 | ||
| 300 |
_axvi, 240 p. ; _c23 cm. |
||
| 490 | 1 | _aConduct of science series | |
| 504 | _aIncludes bibliographical references (p. 218-235) and index. | ||
| 650 | 0 |
_aScience _xPhilosophy. _918040 |
|
| 650 | 0 |
_aScience _xMethodology. _918041 |
|
| 650 | 0 |
_aKnowledge, Theory of. _918042 |
|
| 830 | 0 |
_aConduct of science series. _917706 |
|
| 942 |
_2lcc _cMONOGRAPH |
||
| 999 |
_c122898 _d122898 |
||